| 000 | 00696nam a2200217Ia 4500 | ||
|---|---|---|---|
| 003 | GCL | ||
| 008 | 140319s9999 xx 000 0 ara d | ||
| 040 |
_aGCL / _cGCL |
||
| 082 | 0 | 4 |
_aد _b050 _bا ر |
| 100 | 1 | _aاحمد حسن الزيات | |
| 245 | 1 | 0 |
_aالرسالة (1933:1953)42 مج , (1963 : 1965) 10 مج / _cاحمد حسن الزيات |
| 260 |
_a[S.N] : _bشركة النور للصحافة و الطباعة والنشر |
||
| 300 | _aمتعددة | ||
| 490 |
_aمكتبة الطفل النفسية والتربوية _v0 |
||
| 650 | 0 | 4 | _aالنقد |
| 650 | 0 | 4 | _aالادب |
| 650 | 0 | 4 | _aالشعر |
| 650 | 0 | 4 | _aالثقافة |
| 650 | 0 | 4 | _aالفنون |
| 942 |
_2ddc _cCF |
||
| 999 |
_c27004 _d27004 |
||